ARRUPE JESUIT UNIVERSITY

CORONAVIRUS -STOP THE SPREAD - CLEAN,DISINFECT,COVER

Selous Scouts : (Record no. 125283)

MARC details
000 -LEADER
fixed length control field 01059cam a2200325 a 4500
001 - CONTROL NUMBER
control field 1400328
003 - CONTROL NUMBER IDENTIFIER
control field ARRUPE
005 - DATE AND TIME OF LATEST TRANSACTION
control field 20160920113411.0
008 - FIXED-LENGTH DATA ELEMENTS--GENERAL INFORMATION
fixed length control field 830106s1982 sa a b 001 0 eng
010 ## - LIBRARY OF CONGRESS CONTROL NUMBER
LC control number 82220424
020 ## - INTERNATIONAL STANDARD BOOK NUMBER
International Standard Book Number 0620057718
040 ## - CATALOGING SOURCE
Original cataloging agency DLC
Transcribing agency DLC
Modifying agency DLC
043 ## - GEOGRAPHIC AREA CODE
Geographic area code f-rh---
050 00 - LIBRARY OF CONGRESS CALL NUMBER
Classification number DT962.75
Item number .R45 1982
082 00 - DEWEY DECIMAL CLASSIFICATION NUMBER
Classification number 968.91/04
Edition number 19
300 ## - PHYSICAL DESCRIPTION
Other physical details ill. (some col.) ;
Dimensions 26 cm.
100 2# - MAIN ENTRY--PERSONAL NAME
Personal name Stiff, Peter
9 (RLIN) 25948
245 10 - TITLE STATEMENT
Title Selous Scouts :
Remainder of title top secret war
Statement of responsibility, etc / Peter Stiff.
250 ## - EDITION STATEMENT
Edition statement 2nd ed.
260 ## - PUBLICATION, DISTRIBUTION, ETC. (IMPRINT)
Place of publication, distribution, etc Alberton, South Africa :
Name of publisher, distributor, etc Galago Publishing,
Date of publication, distribution, etc 1982.
300 ## - PHYSICAL DESCRIPTION
Extent 751 p.;
500 ## - GENERAL NOTE
General note Includes index.
504 ## - BIBLIOGRAPHY, ETC. NOTE
Bibliography, etc Bibliography: p. 425.
600 20 - SUBJECT ADDED ENTRY--PERSONAL NAME
Personal name Reid Daly,Ron
9 (RLIN) 25949
610 10 - SUBJECT ADDED ENTRY--CORPORATE NAME
Corporate name or jurisdiction name as entry element Southern Rhodesia.
Subordinate unit Army.
-- Selous Scouts.
9 (RLIN) 25950
650 #0 - SUBJECT ADDED ENTRY--TOPICAL TERM
Topical term or geographic name as entry element Guerrillas
Geographic subdivision Zimbabwe.
9 (RLIN) 25951
650 #0 - SUBJECT ADDED ENTRY--TOPICAL TERM
Topical term or geographic name as entry element National liberation movements
Geographic subdivision Zimbabwe.
9 (RLIN) 14781
651 #0 - SUBJECT ADDED ENTRY--GEOGRAPHIC NAME
Geographic name Zimbabwe
General subdivision History
Chronological subdivision Chimurenga War, 1966-1980
General subdivision Regimental histories.
9 (RLIN) 25952
906 ## - LOCAL DATA ELEMENT F, LDF (RLIN)
a 7
b cbc
c orignew
d 2
e ncip
f 19
g y-gencatlg
942 ## - ADDED ENTRY ELEMENTS (KOHA)
Source of classification or shelving scheme Library of Congress Classification
Koha item type Monograph ( Printed materials)
Holdings
Withdrawn status Lost status Source of classification or shelving scheme Damaged status Not for loan Collection code Home library Current library Shelving location Date acquired Total Checkouts Full call number Barcode Date last seen Date checked out Price effective from Koha item type
    Library of Congress Classification     Main Collection ARRUPE LIBRARY ARRUPE LIBRARY Main Collection 20/09/2016 1 DT962.75 .R45 1982 46500010200 07/12/2017 27/01/2017 20/09/2016 Monograph ( Printed materials)

 

Arrupe Library. PO Box MP320 Mt Pleasant, Harare, Zimbabwe
263 242 745411|librarian@aju.ac.zw